| 000 | 00936pam a2200265 a 4500 | ||
|---|---|---|---|
| 001 | 2521541 | ||
| 003 | OSt | ||
| 005 | 20160512142544.0 | ||
| 008 | 930111s1993 nyua b 001 0 eng | ||
| 010 | _a 93000091 | ||
| 020 |
_a0399518045 (acidfree paper) : _c$14.95 ($19.50 Can.) |
||
| 040 | _aSEKU | ||
| 050 | 0 | 0 |
_aRJ 134 _b.C37 1993 |
| 100 | 1 | _aCaplan, Theresa. | |
| 245 | 1 | 4 |
_aThe first twelve months of life : _byour baby's growth month by month _cTheresa Caplan. |
| 260 |
_aNew York : _bPutnam Pub. Group, _cc1993. |
||
| 300 |
_a302 p. : _bill. ; _c26 cm. |
||
| 500 | _a"A Perigee book." | ||
| 500 | _aRevised and updated edition of The first twelve months of life, edited by Frank Caplan : New York, Grosset & Dunlap, 1973. | ||
| 504 | _aIncludes bibliographical references (p. 292) and index. | ||
| 650 | 0 |
_aInfants _xDevelopment. |
|
| 650 | 0 |
_aInfants _xCare. |
|
| 740 | 0 | _aFirst 12 months of life. | |
| 942 |
_2lcc _cGEN |
||
| 999 |
_c13892 _d13892 |
||